00548nam a22001697a 450000500170000001000150001702000260003203500140005803700130007208200080008510000230009324500370011626000420015327001340019530000240032970000250035320220325145905.0 aENG-132124 a9789382829591c217.00 aEN-115656 bDBAD/PUB a000 aLakashmi, T. Vara. aReasoning - II/cT. Vara Lakshmi aHyderabadbSpectrum Publicationc2021 a#326/C,III Floor, Surneni Nilayam Near B K Guda Park, S R NayarbHyderabad e500038k91-4023710657mstudentshelpline.in@gmail.com aiii, vp.c24cm(pbk) aSnehalatha, K. Mercy